<?xml version="1.0" encoding="UTF-8"?>
<collection xmlns="http://www.loc.gov/MARC21/slim">
 <record>
  <leader>01546nam a22002417a 4500</leader>
  <controlfield tag="001">NCT_75468</controlfield>
  <controlfield tag="008">200224b        xxu||||| |||| 00| 0 vie d</controlfield>
  <datafield tag="999" ind1=" " ind2=" ">
   <subfield code="c">3679</subfield>
   <subfield code="d">3679</subfield>
  </datafield>
  <datafield tag="020" ind1=" " ind2=" ">
   <subfield code="a">9786046613497</subfield>
   <subfield code="c">85000</subfield>
  </datafield>
  <datafield tag="082" ind1="0" ind2="4">
   <subfield code="2">23rd ed.</subfield>
   <subfield code="a">612.015</subfield>
   <subfield code="b">A107</subfield>
  </datafield>
  <datafield tag="100" ind1="1" ind2=" ">
   <subfield code="a">Bùi Tuấn Anh</subfield>
  </datafield>
  <datafield tag="245" ind1="1" ind2="0">
   <subfield code="a">Hóa sinh lâm sàng : </subfield>
   <subfield code="b">555 câu hỏi trắc nghiệm và đáp án</subfield>
   <subfield code="c">Bùi Tuấn Anh</subfield>
  </datafield>
  <datafield tag="260" ind1=" " ind2=" ">
   <subfield code="a">H.</subfield>
   <subfield code="b">Y học</subfield>
   <subfield code="c">2015</subfield>
  </datafield>
  <datafield tag="300" ind1=" " ind2=" ">
   <subfield code="a">223 tr.</subfield>
   <subfield code="c">21cm</subfield>
  </datafield>
  <datafield tag="520" ind1="3" ind2=" ">
   <subfield code="a">Sách gồm những câu hỏi dưới dạng trắc nghiệm và đáp án về kiến thức hoá sinh lâm sàng.</subfield>
  </datafield>
  <datafield tag="653" ind1=" " ind2=" ">
   <subfield code="a">Dược học</subfield>
  </datafield>
  <datafield tag="942" ind1=" " ind2=" ">
   <subfield code="2">ddc</subfield>
   <subfield code="c">BK</subfield>
  </datafield>
  <datafield tag="952" ind1=" " ind2=" ">
   <subfield code="0">0</subfield>
   <subfield code="1">0</subfield>
   <subfield code="2">ddc</subfield>
   <subfield code="4">0</subfield>
   <subfield code="6">612_015000000000000_A107</subfield>
   <subfield code="7">0</subfield>
   <subfield code="9">18856</subfield>
   <subfield code="a">000001</subfield>
   <subfield code="b">000001</subfield>
   <subfield code="d">2020-02-24</subfield>
   <subfield code="o">612.015 A107</subfield>
   <subfield code="p">MD.16435</subfield>
   <subfield code="r">2020-02-24</subfield>
   <subfield code="v">85000.00</subfield>
   <subfield code="w">2020-02-24</subfield>
   <subfield code="y">BK</subfield>
  </datafield>
  <datafield tag="952" ind1=" " ind2=" ">
   <subfield code="0">0</subfield>
   <subfield code="1">0</subfield>
   <subfield code="2">ddc</subfield>
   <subfield code="4">0</subfield>
   <subfield code="6">612_015000000000000_A107</subfield>
   <subfield code="7">0</subfield>
   <subfield code="9">18857</subfield>
   <subfield code="a">000001</subfield>
   <subfield code="b">000001</subfield>
   <subfield code="d">2020-02-24</subfield>
   <subfield code="l">3</subfield>
   <subfield code="o">612.015 A107</subfield>
   <subfield code="p">MD.16436</subfield>
   <subfield code="r">2021-05-21</subfield>
   <subfield code="s">2021-05-07</subfield>
   <subfield code="v">85000.00</subfield>
   <subfield code="w">2020-02-24</subfield>
   <subfield code="y">BK</subfield>
  </datafield>
  <datafield tag="952" ind1=" " ind2=" ">
   <subfield code="0">0</subfield>
   <subfield code="1">0</subfield>
   <subfield code="2">ddc</subfield>
   <subfield code="4">0</subfield>
   <subfield code="6">612_015000000000000_A107</subfield>
   <subfield code="7">0</subfield>
   <subfield code="9">18858</subfield>
   <subfield code="a">000001</subfield>
   <subfield code="b">000001</subfield>
   <subfield code="d">2020-02-24</subfield>
   <subfield code="l">1</subfield>
   <subfield code="o">612.015 A107</subfield>
   <subfield code="p">MD.16437</subfield>
   <subfield code="r">2020-07-20</subfield>
   <subfield code="s">2020-07-09</subfield>
   <subfield code="v">85000.00</subfield>
   <subfield code="w">2020-02-24</subfield>
   <subfield code="y">BK</subfield>
  </datafield>
  <datafield tag="952" ind1=" " ind2=" ">
   <subfield code="0">0</subfield>
   <subfield code="1">0</subfield>
   <subfield code="2">ddc</subfield>
   <subfield code="4">0</subfield>
   <subfield code="6">612_015000000000000_A107</subfield>
   <subfield code="7">0</subfield>
   <subfield code="9">18859</subfield>
   <subfield code="a">000001</subfield>
   <subfield code="b">000001</subfield>
   <subfield code="d">2020-02-24</subfield>
   <subfield code="l">4</subfield>
   <subfield code="o">612.015 A107</subfield>
   <subfield code="p">MD.16438</subfield>
   <subfield code="r">2021-04-06</subfield>
   <subfield code="s">2021-03-26</subfield>
   <subfield code="v">85000.00</subfield>
   <subfield code="w">2020-02-24</subfield>
   <subfield code="y">BK</subfield>
  </datafield>
  <datafield tag="952" ind1=" " ind2=" ">
   <subfield code="0">0</subfield>
   <subfield code="1">0</subfield>
   <subfield code="2">ddc</subfield>
   <subfield code="4">0</subfield>
   <subfield code="6">612_015000000000000_A107</subfield>
   <subfield code="7">0</subfield>
   <subfield code="9">18860</subfield>
   <subfield code="a">000001</subfield>
   <subfield code="b">000001</subfield>
   <subfield code="d">2020-02-24</subfield>
   <subfield code="l">1</subfield>
   <subfield code="o">612.015 A107</subfield>
   <subfield code="p">MD.16439</subfield>
   <subfield code="r">2020-06-08</subfield>
   <subfield code="s">2020-05-25</subfield>
   <subfield code="v">85000.00</subfield>
   <subfield code="w">2020-02-24</subfield>
   <subfield code="y">BK</subfield>
  </datafield>
  <datafield tag="980" ind1=" " ind2=" ">
   <subfield code="a">Thư viện Trường Đại học Nam Cần Thơ</subfield>
  </datafield>
 </record>
</collection>
